Nonverbal Vocal Communication: Comparative and development approaches/ (Record no. 535)

MARC details
000 -LEADER
fixed length control field 00546nam a2200181Ia 4500
003 - CONTROL NUMBER IDENTIFIER
control field OSt
005 - DATE AND TIME OF LATEST TRANSACTION
control field 20230809092422.0
008 - FIXED-LENGTH DATA ELEMENTS--GENERAL INFORMATION
fixed length control field 221021s9999||||xx |||||||||||||| ||und||
020 ## - INTERNATIONAL STANDARD BOOK NUMBER
International Standard Book Number 052141265X
040 ## - CATALOGING SOURCE
Transcribing agency Chuka University Library
050 ## - LIBRARY OF CONGRESS CALL NUMBER
Classification number BF 723
Item number .C57N66 1992
100 ## - MAIN ENTRY--PERSONAL NAME
Personal name Papousek Hanus
9 (RLIN) 625
245 #0 - TITLE STATEMENT
Title Nonverbal Vocal Communication: Comparative and development approaches/
260 ## - PUBLICATION, DISTRIBUTION, ETC.
Date of publication, distribution, etc. 1992
Place of publication, distribution, etc. NEW YORK
Name of publisher, distributor, etc. CAMBRIDGE UNIVERSITY PRESS
300 ## - PHYSICAL DESCRIPTION
Extent 303p.
650 ## - SUBJECT ADDED ENTRY--TOPICAL TERM
Topical term or geographic name entry element Non verbal communication in children
9 (RLIN) 11709
942 ## - ADDED ENTRY ELEMENTS (KOHA)
Koha item type Long Loan Books
Source of classification or shelving scheme Library of Congress Classification
Holdings
Withdrawn status Lost status Source of classification or shelving scheme Damaged status Not for loan Collection Home library Current library Shelving location Date acquired Total Checkouts Full call number Barcode Date last seen Copy number Price effective from Koha item type
    Library of Congress Classification     General Collection Books Main Campus Library Main Campus Library General Stacks 21/10/2022   BF 723 .C57N66 1992 2932/2008 21/10/2022 7 21/10/2022 Long Loan Books

Powered by Koha